000 00491nam a22001577a 4500
003 NUST
038 _aSaba
082 _a621.3
_bMCS
100 _aFarooq, Salma Zainab
_935191
245 _aMultiband Joint Detection for Spectrum Sensing in Cognitive Radio Networks
_cSalma Zainab Farooq
260 _aIslamabad :
_bMCS-NUST,
_c2011.
300 _a74p.
_c30cm
650 _aElectrical Engineering - Multiband Joint Detection
_935192
700 _aDr. Abdul Ghafoor
_916207
942 _2ddc
_cTHE
999 _c540909
_d540909